000 00334pab a2200145 454500
008 180718b1986 xxu||||| |||| 00| 0 eng d
100 _aLatham, R.W.
245 _aBalanced budget tax incidence
260 _c1986
300 _a244-59
650 _aIncome Tox
700 _aB. Naisbitt
773 _aPublic Finance
909 _a10312
999 _c10312
_d10312